Statistiques concernant Trouvez le prénom de ces écrivains !

Cliquez ici pour prendre le quiz!

Statistiques générales

  • Ce quiz a été pris 213 fois
    (188 depuis la dernière actualisation)
  • Le résultat moyen est 34 sur 55

Statistiques - réponses

NationalitéUn de ses livresNomPrénomNuméro% Correct
FrançaiseLes Fleurs du MalBaudelaireCharles24
99%
AnglaiseDavid CopperfieldDickensCharles6
99%
FrançaiseEscollier de MerancolieD'OrléansCharles41
99%
FrançaiseL’assommoirZolaÉmile55
93%
FrançaiseAndromaqueRacineJean45
93%
FrançaiseL'homme qui plantait des arbresGionoJean32
93%
FrançaiseLes CaractèresLa BruyèreJean35
93%
FrançaiseLes MisérablesHugoVictor33
93%
AnglaiseRoméo et JulietteShakespeareWilliam10
93%
FrançaiseL'homme révoltéCamusAlbert26
92%
AnglaiseLe crime de l'Orient-ExpressChristieAgatha4
90%
FrançaiseVoyage au centre de la TerreVerneJules54
90%
FrançaiseL'ImaginationSartreJean-Paul50
89%
FrançaiseLe HorlaMaupassantGuy37
88%
FrançaiseA la recherche du temps perduProustMarcel43
88%
FrançaiseLa gloire de mon pèrePagnolMarcel42
88%
FrançaiseLe comte de Monte-CristoDumasAlexandre30
86%
RusseLa dame de piquePouchkineAlexandre13
86%
FrançaiseLe colonel ChabertBalzacHonoré23
86%
FrançaiseAlcoolsApollinaireGuillaume22
83%
FrançaiseAmourVerlainePaul53
83%
FrançaiseLes ConfessionsRousseauJean-Jacques49
81%
FrançaiseMadame BovaryFlaubertGustave31
80%
AnglaiseLes Hauts de HurleventsBrontëÉmilie3
74%
AnglaiseOrgueil et PréjugésAustenJane1
72%
FrançaiseOn ne badine pas avec l'amourMussetAlfred40
71%
États-unienneCroc-BlancLondonJack17
71%
AnglaiseSherlock HolmesConan DoyleArthur5
70%
FrançaiseL'AvarePoquelin (Molière)Jean-Baptiste44
69%
FrançaiseLe CidCorneillePierre28
66%
FrançaiseLes AmoursRonsardPierre47
66%
FrançaiseL'île des esclavesMarivauxPierre38
66%
États-unienneLes aventures d'Huckleberry FinnTwainMark19
65%
FrançaiseCyrano de BergeracRostandEdmond48
64%
États-unienneLe vieil homme et la merHemingwayErnest16
64%
États-unienneDes souris et des hommesSteinbeckJohn18
62%
AnglaiseJane EyreBrontëCharlotte2
56%
RusseGuerre et PaixTolstoïLéon14
56%
FrançaiseGraziellaLamartineAlphonse36
50%
FrançaiseCarmenMériméeProsper39
50%
FrançaiseYvain le chevalier au lionde TroyesChrétien52
40%
FrançaiseMémoires d'Outre-TombeChateaubriandFrançois-René27
38%
FrançaiseL'armée des ombresKesselJoseph34
38%
EspagnoleDon QuichotteCervantèsMiguel20
34%
AnglaiseLoin de la foule déchaînéeHardyThomas8
26%
FrançaiseLe Rouge et le NoirStendhal (Beyle)
Henry
51
25%
AnglaiseIvanhoéScottWalter9
17%
RusseLes frères KaramazovDostoïevskiFiodor12
15%
ChilienneLe chat qui appris à une mouette à volerSepúlvedaLuis21
13%
FrançaiseLes roses de la solitudeRomillyJacqueline46
9%
AllemandeFaustGoetheJohan15
8%
AnglaiseBilbo le HobbitTolkienJohn Ronald Reuel11
8%
FrançaisePoésiesDesbordes- ValmoreMarceline29
7%
AnglaiseNord et SudGaskellElizabeth7
5%
FrançaiseLe Mariage de FigaroBeaumarchaisPierre-Augustin Caron25
4%

Distribution des résultats

Percentile par nombre de réponses

% des personnes avec chaque résultat

Votre développement - résultats

Vous n’avez pas pris ce quiz depuis la dernière actualisation